Filosofía de la praxis

Salvato in:
Dettagli Bibliografici
Autore principale: Sánchez Vázquez, Adolfo
Natura: Libro
Lingua:Undetermined
Pubblicazione: México, Distrito Federal Grijalbo 1980
Soggetti:
Tags: Aggiungi Tag
Nessun Tag, puoi essere il primo ad aggiungerne!!

MARC

LEADER 00000nam a2200000Ia 4500
008 170316s9999 xx 000 0 und d
090 |a 100 S-9f 
100 |a Sánchez Vázquez, Adolfo 
245 |a Filosofía de la praxis 
260 |a México, Distrito Federal 
260 |b Grijalbo 
260 |c 1980 
300 |a 464 páginas 
650 |a FILOSOFÍA 
999 |c 17733  |d 17733 
040 |a cru BVZT 
942 |c 15 D  |h 100 S-9f  |2 z